000 00450cam a2200169ua 4500
020 _c1.25
041 _amal
_h
082 _a894.8124
_bKVT/CH
100 _aKrishnapillai, Kuttipuzha .
245 _aChintha tharangam /
_cKuttipuzha Krishnapillai.
_hTextual Documents
260 _aKottayam :
_bSahitya Pravarthaka Co-operative Society ,
_c1960.
300 _a90 ; .
365 _a1.25
504 _a
942 _cBK
999 _c1111
_d1111